000 01394nam a2200217Ia 4500
003 Ost
005 20260507075631.0
008 260507s9999||||xx |||||||||||||| ||und||
040 _cfsecg
041 _aara
082 _a657.835
100 _aالجمال، محمد رشيد عبده
_eمؤلف
245 0 _aدراسات في المحاسبة الحكومية /
_c محمد رشيد عبده الجمال
260 _aالاسكندرية:
_bالدار الجامعية,
_c[د.ت.]
300 _a368 صفحة؛
_c24 سم
520 _aتجد في هذا الكتاب : المحاسبة الحكومية ، نطاق تطبيق المحاسبة الحكومية ، الإطار الفكري للمحاسبة الحكومية ومواقعها في المعرفة المحاسبية ، الموازنة العامة للدولة وموقعها من نظام المحاسبة الحكومية ، المصروفات العامة طرائق الصرف ، نظام المراقبة الداخلية ، الصرف عن الموازنة الإستثمارية بواسطة البنك الإستثمار القومي ، التقارير الدولية والحساب الختامي للدولة
653 _aالتقارير المالية
653 _aالمحاسبة الحكومية
700 _aالدميري، علاء الدين محمد
_eمؤلف ثانوي
942 _cكتاب
999 _c45208
_d45208